| 000 | 005230000a22001090004500 | ||
|---|---|---|---|
| 100 | 1 | _aAndiñach, Pablo R. | |
| 245 | 1 | 0 | _aLa erótica como clave de lectura |
| 300 | _aNum. 38 (2001), Páginas 50-58 | ||
| 520 | _aHay teología en el Cantar y debemos buscarla en la toma de posición respecto al lugar social que ocupa el amor sincero - y en particular el lugar de la mujer - dentro de la dinámica de una sociedad que reprime los sentimientos. | ||
| 773 | 0 | _tRevista de Interpretación Bíblica Latinoamericana | |
| 942 | _cANA | ||
| 999 |
_c52583 _d52583 |
||